000
00315nam a22001337a 4500
008
180227b xxu||||| |||| 00| 0 eng d
020
_a
9780314199386
041
_a
eng
080
_a
34
100
_a
14
101
_a
JUR
245
_a
Climate change law mitigation and adaptation
_c
Hildreth,R.G
942
_2
udc
_c
BK
999
_c
43552
_d
43552